000 00300nam a22001337a 4500
008 180213b xxu||||| |||| 00| 0 eng d
020 _a9780131196056
041 _aeng
080 _a61
100 _a4
101 _aSHM
245 _aComprehensive review for NCLEX-PN
_cHogan,M.A
942 _2udc
_cBK
999 _c42381
_d42381